logo

Bir Sreshtho Munshi Abdur Rouf Library
Jhenaidah Cadet College

চালাক পাখির গল্প / (Record no. 13270)

MARC details
000 -LEADER
fixed length control field 00912nam a2200265 a 4500
001 - CONTROL NUMBER
JCCL Control Number 13270
003 - CONTROL NUMBER IDENTIFIER
JCCL marc code BD-JhCC
005 - DATE AND TIME OF LATEST TRANSACTION
control field 20230808092256.0
008 - FIXED-LENGTH DATA ELEMENTS--GENERAL INFORMATION
fixed length control field 230726s20192021bg a|||| ||a| 000 0 ben d
020 ## - INTERNATIONAL STANDARD BOOK NUMBER
International Standard Book Number 9789848046661
035 ## - SYSTEM CONTROL NUMBER
system control number (BD-JhCC)13270
040 ## - CATALOGING SOURCE
Original cataloging agency BD-JhCC
Modifying agency BD-JhCC
041 ## - LANGUAGE CODE
Language code of Book bengali
082 ## - DEWEY DECIMAL CLASSIFICATION NUMBER
Classification number 398.20956
Author mark and Year MOS 2021
100 ## - MAIN ENTRY--PERSONAL NAME
Personal name মোসলেহ্ , তাবাস্সুম
245 ## - TITLE STATEMENT
Title চালাক পাখির গল্প /
Statement of responsibility, etc তাবাস্সুম মোসলেহ্ , সম্পা: আবু তাসমিয়া আহমদ রফিক।
260 ## - PUBLICATION, DISTRIBUTION, ETC. (IMPRINT)
Place of publication, distribution, etc Dhaka :
Name of publisher, distributor, etc ‍sean publication;
Date of publication, distribution, etc 2021.
300 ## - PHYSICAL DESCRIPTION
Pagination 20 p. :
Dimensions 17 cm.
490 ## - SERIES STATEMENT
Series statement Level-1
504 ## - BIBLIOGRAPHY, ETC. NOTE
Bibliography, etc Includes Bibliography.
650 ## - SUBJECT ADDED ENTRY--TOPICAL TERM
Topical term or geographic name as entry element Juvenile Literature
650 ## - SUBJECT ADDED ENTRY--TOPICAL TERM
Topical term or geographic name as entry element Islamic story
700 ## - ADDED ENTRY--PERSONAL NAME
Personal name রফিক, আবু তাসমিয়া আহমদ
942 ## - ADDED ENTRY ELEMENTS (KOHA)
Source of classification or shelving scheme Dewey Decimal Classification
Koha item type Books
Holdings
Source of classification or shelving scheme Damaged status Not for loan Home library Current library Shelving location Date of accession Total Checkouts Full call number Barcode Checked out Date last seen Date checked out Copy number Method of acquisition Koha item type Currency
Dewey Decimal Classification     JCC Rouf Library JCC Rouf Library General Stacks 08/08/2023 3 398.20956 MOS 2021 18454 07/22/2025 06/17/2025 06/17/2025 C-1 Purchase Books BDT

JCC Library | Contacts | JCC Home

Last Update on 23 September 2017
Copyright @ 2017-2020 JCC Rouf Library
Rouf Library, Jhenidah Cadet College (JCC), Bangladesh